[Event "Thessaloniki White Tower op-C 41th"]
[Site "Thessaloniki"]
[Date "2019.01.06"]
[Round "4.20"]
[White "Kouroukafopoulos, Dimitrios"]
[Black "Xenidis, Diogenis"]
[Result "0-1"]
[WhiteElo "877"]
[BlackElo "1062"]
[PlyCount "94"]
[EventDate "2019.01.02"]
[EventType "swiss"]
[EventRounds "6"]
[EventCountry "GRE"]
[SourceTitle "EXT 2024"]
[Source "ChessBase"]
[SourceDate "2023.10.10"]
[SourceVersion "1"]
[SourceVersionDate "2023.10.10"]
[SourceQuality "1"]

1. e4 c5 2. Bc4 e6 3. Nf3 d5 4. Bb5+ Bd7 5. Bxd7+ Nxd7 6. e5 f6 7. exf6 Ngxf6 8. c3 Bd6 9. d4 b6 10. Bg5 0-0 11. 0-0 Qc7 12. Nbd2 e5 13. dxe5 Nxe5 14. Nxe5 Bxe5 15. Nf3 Rad8 16. Nxe5 Qxe5 17. Bd2 d4 18. Qb3+ Kh8 19. Rfe1 Qf5 20. Qe6 Qxe6 21. Rxe6 Rfe8 22. Rxe8+ Rxe8 23. Re1 Rxe1+ 24. Bxe1 d3 25. f3 c4 26. Bd2 Nd5 27. Kf2 g6 28. Kg3 h5 29. Kh4 Kh7 30. Kg5 Kg7 31. g4 hxg4 32. Kxg4 a5 33. f4 b5 34. f5 Kf6 35. fxg6 Kxg6 36. h4 Nf6+ 37. Kf4 Kh5 38. Be1 Ng4 39. Ke4 Nf2+ 40. Kd4 Nd1 41. b3 cxb3 42. axb3 a4 43. bxa4 bxa4 44. Kc4 Ne3+ 45. Kb4 Nc2+ 46. Kxa4 Nxe1 47. Kb3 d2 0-1